000 00291nam a22001337a 4500
008 181205b xxu||||| |||| 00| 0 eng d
020 _a9781464142093
041 _aeng
080 _a573
100 _a11
101 _aBIO
245 _aBiology How Life Works
_cMorris,J
942 _2udc
_cBK
999 _c52890
_d52890